00000000cas 2200000za 4500
0019.840015
003CaOODSP
00520251118151632
007cr |||||||||||
008170719c20179999oncar p o    f0   b0fre| 
022 |a2561-1984
040 |aCaOODSP|bfre
043 |an-cn---
0861 |aCi1-29F-PDF
1101 |aCanada. |bImmigration, réfugiés et citoyenneté Canada.
222 0|aRapport sur les résultats ministériels |b(Canada. Immigration, Réfugiés et Citoyenneté Canada)
24510|aRapport sur les résultats ministériels |h[ressource électronique] / |cImmigration, Réfugiés et Citoyenneté Canada.
260 |aOttawa : |bImmigration, Réfugiés et Citoyenneté Canada, |c[2017]-
310 |aAnnuel
3621 |aParaît depuis: 2016/2017.
500 |aPubli. aussi en anglais sous le titre : Departmental results report.
69207|2gccst|aImmigration
69207|2gccst|aRéfugiés
69207|2gccst|aCitoyenneté
69207|2gccst|aÉvaluation du rendement
77508|tDepartmental results report |w(CaOODSP)9.840014
78000|tRapport ministériel sur le rendement pour la période se terminant le ... |w(CaOODSP)9.821399